{"text_format":"1","workbook":"xlsx","n_sheets":1,"sheets":["inv_sumnistro_julio_2022"],"not_rendered":{"charts":0,"images":2,"macros":0,"external_links":0,"defined_names":1,"comments":0,"pivot_tables":0},"unopened":[],"bounds":{"document_bytes":16777216,"sheet_cells":100000,"rows_first":2000,"rows_last":500,"rows_between":2000,"halvings":0,"cell_chars":16384,"cell_head_chars":4096},"cells_cut":0,"cells_raw":0,"read":"whole","date_system":"1900"}

{"sheet":"inv_sumnistro_julio_2022","index":0,"n_rows":538,"n_cols":8,"rows_kept":538,"cut":false,"hidden":false,"merged":[[5,6,9,6],[5,7,9,7],[1,0,1,7],[2,0,2,7],[3,0,3,7],[5,0,9,0],[5,1,9,1],[5,2,9,2],[5,3,9,3],[5,4,9,4],[5,5,9,5],[180,0,180,7],[370,0,370,7],[181,0,181,7],[182,0,182,7],[184,0,188,0],[184,1,188,1],[184,2,188,2],[184,3,188,3],[184,4,188,4],[184,5,188,5],[348,0,348,6],[537,0,537,6],[371,0,371,7],[372,0,372,7],[184,6,188,6],[184,7,188,7],[374,0,378,0],[374,1,378,1],[374,2,378,2],[374,3,378,3],[374,4,378,4],[374,5,378,5],[374,6,378,6],[374,7,378,7]]}
[]
["INSTITUTO DEL TABACO DE LA REPÚBLICA DOMINICANA"]
["INVENTARIO SUMINISTRO"]
["MES DE JULIO 2022"]
[]
["Fecha de adquisición y/o registro","Artículo","Código institucional","Descripción artículo","Existencia","Unidad","Costo","Valor"]
[]
[]
[]
[]
["2018-03-23","GENERAL ( 10 )","CART-BC1-3BK","CARTUCHO BC1-3BK",2,"UND",757.87199999999996,{"$f":"+G11*E11","v":1515.7439999999999}]
["2018-03-23","GENERAL ( 10 )","CARTUCH-HP-95","CARTUCHO HP-95 COLOR",4,"UND",1416,{"$f":"+G12*E12","v":5664}]
["2017-02-01","GENERAL ( 10 )","CINTA-001","CINTA ADHESIVA",46,"UNIDAD",59.165199999999999,2721.5992000000001]
["2018-03-23","GENERAL ( 10 )","MASKT-001","MASKING TAPE ",57,"UND",34.99,1994.43]
["2018-03-23","GENERAL ( 10 )","PAPE-CON-9 1/2X5 1/2","PAPEL CONTINUO 9 1/2 X 5 1/2 P. FACT.",4,"UNIDAD",601.69399999999996,2406.7759999999998]
["2018-03-23","OTROS ( 5 )","PERFO-001","PERFORADORA DE 3 HOYOS",1,"UND",350,350]
["2017-02-01","OTROS ( 5 )","AMBIEN 2","AMBIENTADOR 2",28,"UND",96.338890000000006,2697.4889200000002]
["2017-02-06","OTROS ( 5 )","BRILLO .V.","BRILLO VERDE",12,"UND",59.884999999999998,718.62]
["2018-03-23","OTROS ( 5 )","C.D.C","CINTA DOBLE CARA ",17,"UND",40,680]
["2019-02-26","OTROS ( 5 )","CD,.","CUBIERTOS DES.",12,"PAQUET",26.573599999999999,318.88319999999999]
["2018-03-23","OTROS ( 5 )","GRAPAS 3","GRAPAS 3/4",7,"CAJA",211.864,1483.048]
["2018-03-23","OTROS ( 5 )","LAN","LANILLA P/LIMPIAR",76,"UND",114.14399,8674.9432400000005]
["2018-03-23","OTROS ( 5 )","LI.C.","LIMPIADOR CRISTAL ",23,"POTE",111.29347,2559.7498099999998]
["2017-01-31","OTROS ( 5 )","LT,","LIBRETA TIMBRADA",79,"UND",197.65,15614.35]
["2018-02-21","OTROS ( 5 )","PDN6","PLATOS DESECH. N6",44,"PAQUET",38.6096,1698.8224]
["2019-02-26","OTROS ( 5 )","T.L210C","TINTA L210 CYAN",6,"UND",450.15557999999999,2700.9334799999997]
["2019-02-26","OTROS ( 5 )","T.S.2031","TONER SHARP 2031 C/CHIP",6,"UND",4669.4940299999998,28016.964179999999]
["2017-02-23","SUMINISTROS ( 6 )","TS.M.","TALON. SOLICITUD MATERIALES",124,"UND",152.06618,18856.206320000001]
["2017-03-31","SUMINISTROS ( 6 )","12","RESMA DE PAPEL8 1/2 X11",85,"RESMA",274.99,23374.15]
["2019-02-26","SUMINISTROS ( 6 )","AZ.","AZUCAR",2,"SACOS",3505.5780399999999,7011.1560799999997]
["2017-04-24","SUMINISTROS ( 6 )","BO","BORRADOR",28,"UND",3.7406000000000001,104.7368]
["2017-02-07","SUMINISTROS ( 6 )","BP/E","BANDEJA P/ ESCRITORIO",1,"UND",820.00559999999996,820.00559999999996]
["2018-03-23","SUMINISTROS ( 6 )","C.2","CLIP BILLETERO 51MM",38,"CAJA",171.01061999999999,6498.4035599999997]
["2018-03-23","SUMINISTROS ( 6 )","C.B 125MM","CLIP BILLETERO 125MM",49,"CAJA",33.924999999999997,1662.3249999999998]
["2017-04-24","SUMINISTROS ( 6 )","C.BILL.","CLIP BILLETERO 32MM",55,"CAJA",48.8992,2689.4560000000001]
["2019-02-15","SUMINISTROS ( 6 )","C12X45","CINTA 12MM X45MM",36,"UND",20.059999999999999,722.16]
["2019-02-15","SUMINISTROS ( 6 )","CART. HP-94","CARTUCHO HP-98 (NUEVO)",4,"UND",923.78904999999997,3695.1561999999999]
["2019-02-15","SUMINISTROS ( 6 )","CARTUCHO HP-93","CARTUCHO HP-93 COLOR",3,"UND",1019.277,3057.8310000000001]
["2019-02-15","SUMINISTROS ( 6 )","CB 1.5","CLIP BILLETERO 41MM",3,"CAJA",134.03399999999999,402.10199999999998]
["2019-02-15","SUMINISTROS ( 6 )","CCB435","CARTUCHO LASER 235",3,"UND",708,2124]
["2019-02-15","SUMINISTROS ( 6 )","CCE278","CARTUCHO LASER 278",3,"UND",708,2124]
["2019-02-15","SUMINISTROS ( 6 )","CCE285","CARTUCHO LASER 285",3,"UND",708,2124]
["2006-12-31","SUMINISTROS ( 6 )","CCF401","CARTUCHO LT HP-CF401A",3,"UND",2842.502,8527.5059999999994]
["2019-02-15","SUMINISTROS ( 6 )","CCF402","CARTUCHO LT HP-CF402A",3,"UND",2842.502,8527.5059999999994]
["2019-02-15","SUMINISTROS ( 6 )","CCF403","CARTUCHO LT HP-CF403A",3,"UND",2872.002,8616.0059999999994]
["2017-02-01","SUMINISTROS ( 6 )","CEPILLO P.","CEPILLO PARED",4,"UND",65.997399999999999,263.9896]
["2017-02-01","SUMINISTROS ( 6 )","CHP96","CARTUCHO HP-96",14,"UND",2228.8220000000001,31203.508000000002]
["2017-02-07","SUMINISTROS ( 6 )","CHP97","CARTUCHO HP-97",10,"UND",2118.6314699999998,21186.314699999999]
["2017-02-06","SUMINISTROS ( 6 )","CINTA OKIDATA -320","CINTA OKIDATA -320",1,"UND",440,440]
["2017-02-01","SUMINISTROS ( 6 )","CINTA P/ CALCULADORA","CINTA P/ CALCULADORA ELEC.",5,"UND",56.002800000000001,280.01400000000001]
["2017-02-01","SUMINISTROS ( 6 )","CPPD","CARPETAS PRINTEADAS P/DOC.",120,"UND",442.5,53100]
["2019-02-26","SUMINISTROS ( 6 )","CUC. DES.","CUCHARAS DES.",42,"PAQUET",26.573599999999999,1116.0911999999998]
["2017-02-01","SUMINISTROS ( 6 )","D","DETERGENTE",23,"UND",925.80371000000002,21293.48533]
["2018-02-21","SUMINISTROS ( 6 )","DES.","DESINFECTANTE",80,"GAL",112.10944000000001,8968.7551999999996]
["2018-02-21","SUMINISTROS ( 6 )","ESC.","ESCOBA",26,"UND",154.816,4025.2159999999999]
["2018-02-21","SUMINISTROS ( 6 )","F.M.E.","FORMULARIO EQUIPOS Y/O MOV.",107,"UND",135.85946000000001,14536.962220000001]
["2017-02-07","SUMINISTROS ( 6 )","F30G","FUNDAS 30GLS.",76,"PAQUET",283.2,21523.200000000001]
["2017-02-01","SUMINISTROS ( 6 )","FOR. ENT.INS. IMP.AG","FORMULARIO ENT. INSUM .IMPL. AGRICOLA ",19,"UND",75,1425]
["2018-02-21","SUMINISTROS ( 6 )","FORMULARIO V. Y M.","FORMULARIO DE VISITAS Y MENSAJES",22,"UND",35,770]
["2017-01-31","SUMINISTROS ( 6 )","FUND. 55","FUNDAS 55 P/B.",60,"PAQUET",580.23114999999996,34813.868999999999]
["2018-03-20","SUMINISTROS ( 6 )","GG.","GUANTES GOMAS",39,"PAR",80.590310000000002,3143.0220899999999]
["2019-02-26","SUMINISTROS ( 6 )","GR26/6","GRAPAS 26/6",36,"CAJA",43.015659999999997,1548.56376]
["2019-02-26","SUMINISTROS ( 6 )","GRAP.","GRAPADORA",12,"UND",134.99978999999999,1619.99748]
["2019-02-26","SUMINISTROS ( 6 )","GRAPAS 1/4","GRPAS 1/4",3,"UNIDAD",108.8,326.39999999999998]
["2019-02-26","SUMINISTROS ( 6 )","GRAPAS 3/8","GRAPAS 3/8",2,"UNIDAD",254.28570999999999,508.57141999999999]
["2017-01-26","SUMINISTROS ( 6 )","GRAP-STAPLES","GRAPAS STAPLES HEAVY DUTY",3,"UNIDAD",450,1350]
["2017-02-01","SUMINISTROS ( 6 )","GS23/10","GRAPAS STAPLES 23/10",6,"CAJA",54.9998,329.99880000000002]
["2017-01-31","SUMINISTROS ( 6 )","HOJAS CART.CREMA","HOJAS DE CARTULIA CREMA",1,"RESMA",654.99440000000004,654.99440000000004]
["2017-09-26","SUMINISTROS ( 6 )","LLM","JABON LIQ.P/MANOS",248,"UND",204.82113000000001,50795.640240000001]
["2018-03-26","SUMINISTROS ( 6 )","LR","LIBRO RECORD",13,"UND",204.99997999999999,2664.9997399999997]
["2017-02-01","SUMINISTROS ( 6 )","LRP","LIBRETA RAYADA PEQUEÑA",41,"UND",15.989000000000001,655.54899999999998]
["2019-02-26","SUMINISTROS ( 6 )","MPP.","MARCADOR P/PIZ.AZUL",27,"UND",39.709310000000002,1072.15137]
["2017-05-08","SUMINISTROS ( 6 )","P.TP/M","PAPEL TOALLA P/MANO",355,"UND",132.31908999999999,46973.276949999999]
["2018-02-21","SUMINISTROS ( 6 )","PAPEL J.","PAPEL JUMBO",426,"UND",64.85172,27626.832719999999]
["2017-01-23","SUMINISTROS ( 6 )","PC4C","PAPEL CONT. 9 1/2 X 11 4C.",11,"CAJA",1581.92085,17401.129349999999]
["2018-05-11","SUMINISTROS ( 6 )","PLATOS N9","PLATOS DES. N9",34,"PAQUET",73.443200000000004,{"$f":"+G76*E76","v":2497.0688}]
["2017-02-01","SUMINISTROS ( 6 )","PP/B","PASTILLA PERF. P/B",76,"UND",40.410139999999998,3071.1706399999998]
["2018-05-11","SUMINISTROS ( 6 )","ROLL","ROLLO PAPEL 2-1/4 SUMADORA",8,"UND",17,136]
["2018-05-11","SUMINISTROS ( 6 )","RPS11X17","RESMA PAPALE SATINADA 11X17",10,"RESMA",900.00016000000005,9000.0015999999996]
["2017-01-26","SUMINISTROS ( 6 )","RTR","ROLON TINTA ROJA",1,"UND",84.75,84.75]
["2019-02-26","SUMINISTROS ( 6 )","SM10X15","SOBRE MANILA  10X15",376,"UNDS",4.6963999999999997,1765.8463999999999]
["2018-03-23","SUMINISTROS ( 6 )","SUM-ARC","ARCHIVO ACORDEON",7,"UND",476.72,3337.04]
["2017-01-26","SUMINISTROS ( 6 )","SUM-AZU","LAPICEROS AZUL",53,"UND",4.5,238.5]
["2019-02-26","SUMINISTROS ( 6 )","SUM-CAF","CAFE",306,"LIBRA",228.06252000000001,69787.131120000005]
["2019-02-26","SUMINISTROS ( 6 )","SUM-CARP.GRAN.","CARPETA GRANDE 3 HOYOS",3,"UND",299.99990000000003,899.99970000000008]
["2019-02-26","SUMINISTROS ( 6 )","SUM-CART.HP-60 C.","CARTUCHO HP-60 COLOR",1,"UND",860.38856999999996,860.38856999999996]
["2018-03-23","SUMINISTROS ( 6 )","SUM-CCCH","COMPROBANTE DE CAJA CHICA",135,"UND",32.690730000000002,4413.2485500000003]
["2018-03-23","SUMINISTROS ( 6 )","SUM-CEPIPLAS","CEPILLO PARA INODORO",6,"UND",112.97320000000001,677.83920000000001]
["2019-02-26","SUMINISTROS ( 6 )","SUM-CH","CHINCHETAS",5,"UNIDAD",50,250]
["2018-03-23","SUMINISTROS ( 6 )","SUM-CLI","CLIP JUMBO",47,"UND",34.243600000000001,1609.4492]
["2019-02-26","SUMINISTROS ( 6 )","SUM-CLIP #1"," CLIP #1",37,"CAJA",11.9534,442.2758]
["2017-02-01","SUMINISTROS ( 6 )","SUM-CLIP MAR.","CLIP MARIPOSA",31,"CAJA",150,4650]
["2006-12-31","SUMINISTROS ( 6 )","SUM-CLO","CLORO",95,"GAL",102.88889,9774.4445500000002]
["2006-12-31","SUMINISTROS ( 6 )","SUM-CTE","CINTAS DE EMPAQUE",38,"UND",80.239999999999995,3049.12]
["2017-01-26","SUMINISTROS ( 6 )","SUM-DIS","DISPENSADOR DE CINTA",21,"UND",125.3986,2633.3706000000002]
["2017-01-26","SUMINISTROS ( 6 )","SUM-ETF","ETIQUETA PARA FOLDERS",4,"UND",89.3142,357.2568]
["2019-02-26","SUMINISTROS ( 6 )","SUM-FAR","FAROLA",5,"UND",88.5,442.5]
["2018-03-23","SUMINISTROS ( 6 )","SUM-FEL","FELPAS AZULES",1,"UND",22,22]
["2019-02-26","SUMINISTROS ( 6 )","SUM-FELN","FELPAS NEGRAS",19,"UND",28.4087,539.76530000000002]
["2018-03-23","SUMINISTROS ( 6 )","SUM-FGD","FOLDER C/ BOLSILLO",66,"UND",12.012449999999999,792.82169999999996]
["2018-03-23","SUMINISTROS ( 6 )","SUM-FINANC","FOLDERS FINANCIERO",124,"UND",44.730730000000001,5546.6105200000002]
["2018-03-23","SUMINISTROS ( 6 )","SUM-FOL11","FOLDER 8 1/2 X11",1276,"UND",3.5754000000000001,4562.2103999999999]
["2018-03-23","SUMINISTROS ( 6 )","SUM-FOL14","FOLDER 8 1/2 14",808,"UND",4.0596800000000002,3280.2214400000003]
["2018-03-23","SUMINISTROS ( 6 )","SUM-FUN17","FUNDAS17/22",54,"PAQUET",112.44073,6071.7994200000003]
["2018-03-23","SUMINISTROS ( 6 )","SUM-GMH","GANCHOS M/H",12,"UNIDAD",68.877290000000002,826.52747999999997]
["2017-01-26","SUMINISTROS ( 6 )","SUM-GOM","GOMITAS",50,"CAJA",23.134679999999999,1156.7339999999999]
["2017-01-26","SUMINISTROS ( 6 )","SUM-HHB.","HOJA DE HILO BLANCA",1,"RESMA",548.995,548.995]
["2017-01-26","SUMINISTROS ( 6 )","SUM-JB. AZ.","JABON AZULITO",63,"UND",35.444850000000002,2233.0255500000003]
["2017-01-26","SUMINISTROS ( 6 )","SUM-LAP.N.","LAPICERO NEGRO ",291,"UND",10.17084,2959.7144400000002]
["2017-01-26","SUMINISTROS ( 6 )","SUM-LAPIRO","LAPICERO ROJO",27,"UND",5.1464499999999997,138.95415]
["2017-01-26","SUMINISTROS ( 6 )","SUM-LBRY","LIBRETAS RAYADAS X11",26,"UND",26.999700000000001,701.99220000000003]
["2017-01-26","SUMINISTROS ( 6 )","SUM-LCAR","LAPIZ",591,"UND",7.0270299999999999,4152.9747299999999]
["2017-01-26","SUMINISTROS ( 6 )","SUM-MAR","MARCADORES",34,"UND",16.106999999999999,547.63799999999992]
["2017-01-26","SUMINISTROS ( 6 )","SUM-PER","PERFORADORA",11,"UND",214.99600000000001,2364.9560000000001]
["2017-01-26","SUMINISTROS ( 6 )","SUM-PLA","PORTA LAPIZ",13,"UND",52.9938,688.9194]
["2017-01-26","SUMINISTROS ( 6 )","SUM-POC","PORTA CLIP",18,"UND",30.55893,550.06074000000001]
["2017-01-26","SUMINISTROS ( 6 )","SUM-RECBA","RECOGEDOR DE BASURA",11,"UND",115.97432999999999,1275.7176299999999]
["2017-01-26","SUMINISTROS ( 6 )","SUM-RESALT","RESALTADOR",30,"UND",16.106999999999999,483.21]
["2017-01-26","SUMINISTROS ( 6 )","SUM-RG","REGLA",30,"UND",6.4428000000000001,193.28399999999999]
["2017-01-26","SUMINISTROS ( 6 )","SUM-RPT","RESMA PAPEL TIMBRADO",2,"RESMA",2137.4857099999999,4274.9714199999999]
["2017-01-26","SUMINISTROS ( 6 )","SUM-RPX14","RESMA DE PAPEL 81/2X14",37,"RESMA",304.13094999999998,11252.845149999999]
["2019-02-15","SUMINISTROS ( 6 )","SUM-SAP","SACA PUNTA",39,"UND",5.9,230.10000000000002]
["2019-02-15","SUMINISTROS ( 6 )","SUM-SER","SERVILLETAS",70,"PAQUET",78.699789999999993,5508.9852999999994]
["2017-01-26","SUMINISTROS ( 6 )","SUM-SGRP","SACA GRAPAS",15,"UND",29.559000000000001,443.38499999999999]
["2019-02-15","SUMINISTROS ( 6 )","SUM-SM","SOBRES MANILA 9X12",318,"UND",2.36,750.4799999999999]
["2019-02-15","SUMINISTROS ( 6 )","SUM-SO","SOBRES BLANCOS",403,"UND",1.6230100000000001,654.07303000000002]
["2019-02-15","SUMINISTROS ( 6 )","SUM-STIM","SOBRES TIMBRADOS",760,"UND",10.2424,7784.2240000000002]
["2019-02-15","SUMINISTROS ( 6 )","SUM-SUAP","SUAPER",12,"UND",166.99668,2003.9601600000001]
["2019-02-15","SUMINISTROS ( 6 )","SUM-TAL.ORD. DESP.","TALONARIO ORDEN DE DESPACHO.",232,"UND",200.59612000000001,46538.29984]
["2019-02-15","SUMINISTROS ( 6 )","SUM-TALEM","TALONARIO ENT. DE MATERIALES",219,"UND",57.3232,12553.7808]
["2019-02-15","SUMINISTROS ( 6 )","SUM-TBLL","TABLILLAS",22,"UND",85.337599999999995,1877.4271999999999]
["2019-02-15","SUMINISTROS ( 6 )","SUM-TCR","TALONARIO CONTROL DE RECEPCION",76,"UND",53.398060000000001,4058.2525599999999]
["2019-02-15","SUMINISTROS ( 6 )","SUM-TCS","TALONARIO CONTROL DE SEMILLAS",63,"UND",72.55753,4571.1243899999999]
["2019-02-15","SUMINISTROS ( 6 )","SUM-TIJ","TIJERAS #8",43,"UNIDAD",34.998800000000003,1504.9484000000002]
["2019-02-15","SUMINISTROS ( 6 )","SUM-TLCAGR","TALONARIO CONTROL AGROQUIMICO",78,"UND",218.81944999999999,17067.917099999999]
["2019-02-15","SUMINISTROS ( 6 )","SUM-TRP","TALONARIO RECIBO PROVISIONAL",43,"UND",133.95359999999999,5760.0047999999997]
["2019-02-15","SUMINISTROS ( 6 )","SUM-VAS","VASOS #10",150,"PAQUET",92.614270000000005,13892.140500000001]
["2019-02-15","SUMINISTROS ( 6 )","T,MAG.","TINTA BT 5001 MAGENTA",10,"UND",363.44,3634.4]
["2019-02-15","SUMINISTROS ( 6 )","T.5001","TINTA BT 5001 CYAN",10,"UND",363.44,3634.4]
["2019-02-15","SUMINISTROS ( 6 )","T.BT.","TINTA BT D60BK",13,"UND",410.27692000000002,{"$f":"+G140*E140","v":5333.5999600000005}]
["2022-05-31","SUMINISTROS ( 6 )","T.Y,","TINTA BT 5001 YELLOW",10,"UND",363.44,3634.4]
["2022-05-31","SUMINISTROS ( 6 )","TA","TINTA AZUL P/S",7,"POTE",29.332850000000001,205.32995]
["2022-05-31","SUMINISTROS ( 6 )","TALON.PERS.NOM.","TALONARIO PERSONAL NOMINAL",3,"UND",95,285]
["2022-05-31","SUMINISTROS ( 6 )","TALONARIO SOL. C.C.","TALONARIO SOLICITUD CAJA CHICA",53,"UND",32.690759999999997,1732.6102799999999]
["2022-05-31","SUMINISTROS ( 6 )","TB,","TINTA 664 BLACK",7,"UND",330.4,2312.7999999999997]
["2022-05-31","SUMINISTROS ( 6 )","TB,.","TINTA 664 Y.",7,"UND",436.6,3056.2000000000003]
["2022-05-31","SUMINISTROS ( 6 )","TB.","TINTA 664 CYAN",7,"UND",448.4,3138.7999999999997]
["2022-05-31","SUMINISTROS ( 6 )","TB664","TINTA 664 MAG.",7,"UND",434.24,3039.6800000000003]
["2022-05-31","SUMINISTROS ( 6 )","TCVP","TALON.CONTROL VISITAS A PROD.",46,"UND",55,2530]
["2022-05-31","SUMINISTROS ( 6 )","TE504C","TINTA  504 CYAN",10,"UND",516.27317000000005,5162.7317000000003]
["2022-05-31","SUMINISTROS ( 6 )","TE504M","TINTA  504 M.",7,"UND",463.73752999999999,3246.1627100000001]
["2022-05-31","SUMINISTROS ( 6 )","TE504Y","TINTA  504 Y.",7,"UND",561.38959999999997,3929.7271999999998]
["2022-05-31","SUMINISTROS ( 6 )","TEL200C","TINTA EPSON L200 CYAN",4,"UND",615.00419999999997,2460.0167999999999]
["2022-05-31","SUMINISTROS ( 6 )","TEL200M","TINTA EPSON L200 MAG.",5,"UND",615.00419999999997,3075.0209999999997]
["2022-05-31","SUMINISTROS ( 6 )","TEL200Y","TINTA EPSON L200 YELLOW",3,"UND",615.00419999999997,1845.0126]
["2022-05-31","SUMINISTROS ( 6 )","TODC.","TALONARIO ORDEN DESP. COMB.",126,"UND",74.2,9349.2000000000007]
["2022-05-31","SUMINISTROS ( 6 )","TP/C","TOALLA P/COCINA",15,"UND",116.0217,1740.3254999999999]
["2022-05-31","SUMINISTROS ( 6 )","TRCA","TINTA RIAL C. AZUL",1,"UND",300.00319999999999,300.00319999999999]
["2022-05-31","SUMINISTROS ( 6 )","TRCA,","TINTA RIAL C. AMARILLA",1,"UND",300.00319999999999,300.00319999999999]
["2022-05-31","SUMINISTROS ( 6 )","TRCR","TINTA RIAL C. ROJO",2,"UND",300.00319999999999,600.00639999999999]
["2022-05-31","SUMINISTROS ( 6 )","VASOS #7","VASOS #7",178,"PAQUET",70.568089999999998,12561.12002]
["2022-05-31","SUMINISTROS ( 6 )","VN5","VASOS N. 5",191,"PAQUET",67.248199999999997,12844.406199999999]
[null,null,null,null,"TOTAL",null,null,{"$f":"SUM(H11:H162)","v":942664.00156000012}]
[]
[]
[]
[]
[]
[]
[]
[]
[]
[]
[]
[]
[]
[]
[]
[]
[]
["INSTITUTO DEL TABACO DE LA REPÚBLICA DOMINICANA"]
["INVENTARIO SUMINISTRO"]
["MES DE AGOSTO 2022"]
[]
["Fecha de adquisición y/o registro","Artículo","Código institucional","Descripción artículo","Existencia","Unidad","Costo","Valor"]
[]
[]
[]
[]
["2018-03-23","GENERAL ( 10 )","CART-BC1-3BK","CARTUCHO BC1-3BK",2,"UND",757.87199999999996,{"$f":"+G190*E190","v":1515.7439999999999}]
["2018-03-23","GENERAL ( 10 )","CARTUCH-HP-95","CARTUCHO HP-95 COLOR",4,"UND",1416,{"$f":"+G191*E191","v":5664}]
["2017-02-01","GENERAL ( 10 )","CINTA-001","CINTA ADHESIVA",103,"UNIDAD",59.158329999999999,6093.3079900000002]
["2018-03-23","GENERAL ( 10 )","MASKT-001","MASKING TAPE ",51,"UND",34.99,1784.49]
["2018-03-23","GENERAL ( 10 )","PAPE-CON-9 1/2X5 1/2","PAPEL CONTINUO 9 1/2 X 5 1/2 P. FACT.",4,"UNIDAD",601.69399999999996,2406.7759999999998]
["2018-03-23","GENERAL ( 10 )","PERFO-001","PERFORADORA DE 3 HOYOS",1,"UND",350,350]
["2017-02-01","OTROS ( 5 )","AMBIEN 2","AMBIENTADOR 2",12,"UND",96.338890000000006,1156.0666800000001]
["2017-02-06","OTROS ( 5 )","BRILLO .V.","BRILLO VERDE",11,"UND",59.884999999999998,658.73500000000001]
["2018-03-23","OTROS ( 5 )","C.D.C","CINTA DOBLE CARA ",16,"UND",40,640]
["2019-02-26","OTROS ( 5 )","CD,.","CUBIERTOS DES.",8,"PAQUET",26.573599999999999,212.58879999999999]
["2018-03-23","OTROS ( 5 )","CREM","CREMORA",28,"UND",295,8260]
["2018-03-23","OTROS ( 5 )","GRAPAS 3","GRAPAS 3/4",7,"CAJA",211.864,1483.048]
["2018-03-23","OTROS ( 5 )","LAN","LANILLA P/LIMPIAR",71,"UND",114.14399,8104.2232899999999]
["2017-01-31","OTROS ( 5 )","LI.C.","LIMPIADOR CRISTAL ",23,"POTE",111.29347,2559.7498099999998]
["2018-02-21","OTROS ( 5 )","LT,","LIBRETA TIMBRADA",81,"UND",197.65,16009.65]
["2019-02-26","OTROS ( 5 )","PA.C.A","PAPEL CARBON ",19,"UND",142.78,2712.82]
["2019-02-26","OTROS ( 5 )","PDN6","PLATOS DESECH. N6",39,"PAQUET",38.6096,1505.7744]
["2017-02-23","OTROS ( 5 )","T.L210C","TINTA L210 CYAN",6,"UND",450.15557999999999,2700.9334799999997]
["2017-03-31","OTROS ( 5 )","T.S.2031","TONER SHARP 2031 C/CHIP",6,"UND",4669.4940299999998,28016.964179999999]
["2019-02-26","OTROS ( 5 )","TS.M.","TALON. SOLICITUD MATERIALES",123,"UND",152.06618,18704.14014]
["2017-04-24","SUMINISTROS ( 6 )","12","RESMA DE PAPEL8 1/2 X11",129,"RESMA",303.27667000000002,39122.690430000002]
["2017-02-07","SUMINISTROS ( 6 )","3X3","POST-IT3X3 WORKER",65,"UND",22.178550000000001,1441.6057500000002]
["2018-03-23","SUMINISTROS ( 6 )","AZ.","AZUCAR",5,"SACOS",4060,20300]
["2018-03-23","SUMINISTROS ( 6 )","BO","BORRADOR",26,"UND",3.7406000000000001,97.255600000000001]
["2017-04-24","SUMINISTROS ( 6 )","BP/E","BANDEJA P/ ESCRITORIO",6,"UND",639.99659999999994,3839.9795999999997]
["2019-02-15","SUMINISTROS ( 6 )","C.2","CLIP BILLETERO 51MM",38,"CAJA",171.01061999999999,6498.4035599999997]
["2019-02-15","SUMINISTROS ( 6 )","C.B 125MM","CLIP BILLETERO 125MM",47,"CAJA",33.924999999999997,1594.4749999999999]
["2019-02-15","SUMINISTROS ( 6 )","C.BILL.","CLIP BILLETERO 32MM",54,"CAJA",48.8992,2640.5567999999998]
["2019-02-15","SUMINISTROS ( 6 )","C12X45","CINTA 12MM X45MM",12,"UND",20.059999999999999,240.71999999999997]
["2019-02-15","SUMINISTROS ( 6 )","CART. HP-94","CARTUCHO HP-98 (NUEVO)",4,"UND",923.78904999999997,3695.1561999999999]
["2019-02-15","SUMINISTROS ( 6 )","CARTUCHO HP-93","CARTUCHO HP-93 COLOR",3,"UND",1019.277,3057.8310000000001]
["2019-02-15","SUMINISTROS ( 6 )","CB 1.5","CLIP BILLETERO 41MM",1,"CAJA",134.03399999999999,134.03399999999999]
["2006-12-31","SUMINISTROS ( 6 )","CCB435","CARTUCHO LASER 235",1,"UND",708,708]
["2019-02-15","SUMINISTROS ( 6 )","CCE278","CARTUCHO LASER 278",3,"UND",708,2124]
["2019-02-15","SUMINISTROS ( 6 )","CCE285","CARTUCHO LASER 285",1,"UND",708,708]
["2017-02-01","SUMINISTROS ( 6 )","CCF401","CARTUCHO LT HP-CF401A",3,"UND",2842.502,8527.5059999999994]
["2017-02-01","SUMINISTROS ( 6 )","CCF402","CARTUCHO LT HP-CF402A",3,"UND",2842.502,8527.5059999999994]
["2017-02-07","SUMINISTROS ( 6 )","CCF403","CARTUCHO LT HP-CF403A",3,"UND",2872.002,8616.0059999999994]
["2017-02-06","SUMINISTROS ( 6 )","CEPILLO P.","CEPILLO PARED",3,"UND",65.997399999999999,197.9922]
["2017-02-01","SUMINISTROS ( 6 )","CHP96","CARTUCHO HP-96",14,"UND",2228.8220000000001,31203.508000000002]
["2017-02-01","SUMINISTROS ( 6 )","CHP97","CARTUCHO HP-97",10,"UND",2118.6314699999998,21186.314699999999]
["2019-02-26","SUMINISTROS ( 6 )","CINTA OKIDATA -320","CINTA OKIDATA -320",1,"UND",440,440]
["2017-02-01","SUMINISTROS ( 6 )","CINTA P/ CALCULADORA","CINTA P/ CALCULADORA ELEC.",5,"UND",56.002800000000001,280.01400000000001]
["2018-02-21","SUMINISTROS ( 6 )","CP/C.","CERA PARA CONTAR",2,"UND",35.99,71.98]
["2018-02-21","SUMINISTROS ( 6 )","CPPD","CARPETAS PRINTEADAS P/DOC.",120,"UND",442.5,53100]
["2018-02-21","SUMINISTROS ( 6 )","CUC. DES.","CUCHARAS DES.",23,"PAQUET",26.573599999999999,611.19280000000003]
["2017-02-07","SUMINISTROS ( 6 )","D","DETERGENTE",21,"UND",925.80371000000002,19441.877909999999]
["2017-02-01","SUMINISTROS ( 6 )","DES.","DESINFECTANTE",44,"GAL",112.10944000000001,4932.8153600000005]
["2018-02-21","SUMINISTROS ( 6 )","EG.","EGA",2,"GAL",335.33240000000001,670.66480000000001]
["2017-01-31","SUMINISTROS ( 6 )","ESC.","ESCOBA",23,"UND",154.816,3560.768]
["2018-03-20","SUMINISTROS ( 6 )","F.M.E.","FORMULARIO EQUIPOS Y/O MOV.",107,"UND",135.85946000000001,14536.962220000001]
["2019-02-26","SUMINISTROS ( 6 )","F30G","FUNDAS 30GLS.",74,"PAQUET",283.2,20956.8]
["2019-02-26","SUMINISTROS ( 6 )","FOR. ENT.INS. IMP.AG","FORMULARIO ENT. INSUM .IMPL. AGRICOLA ",19,"UND",75,1425]
["2019-02-26","SUMINISTROS ( 6 )","FORMULARIO V. Y M.","FORMULARIO DE VISITAS Y MENSAJES",22,"UND",35,770]
["2019-02-26","SUMINISTROS ( 6 )","FUND. 55","FUNDAS 55 P/B.",55,"PAQUET",580.23114999999996,31912.713249999997]
["2017-01-26","SUMINISTROS ( 6 )","GG.","GUANTES GOMAS",32,"PAR",80.590310000000002,2578.8899200000001]
["2017-02-01","SUMINISTROS ( 6 )","GR26/6","GRAPAS 26/6",32,"CAJA",43.015659999999997,1376.5011199999999]
["2017-01-31","SUMINISTROS ( 6 )","GRAP.","GRAPADORA",9,"UND",134.99978999999999,1214.99811]
["2017-09-26","SUMINISTROS ( 6 )","GRAPAS 1/4","GRPAS 1/4",3,"UNIDAD",108.8,326.39999999999998]
["2018-03-26","SUMINISTROS ( 6 )","GRAPAS 3/8","GRAPAS 3/8",2,"UNIDAD",254.28570999999999,508.57141999999999]
["2017-02-01","SUMINISTROS ( 6 )","GRAP-STAPLES","GRAPAS STAPLES HEAVY DUTY",3,"UNIDAD",450,1350]
["2019-02-26","SUMINISTROS ( 6 )","GS23/10","GRAPAS STAPLES 23/10",6,"CAJA",54.9998,329.99880000000002]
["2017-05-08","SUMINISTROS ( 6 )","HOJAS CART.CREMA","HOJAS DE CARTULIA CREMA",1,"RESMA",654.99440000000004,654.99440000000004]
["2018-02-21","SUMINISTROS ( 6 )","LIQUI-001","CORRECTOR LIQUIDO",48,"UND",22.9038,1099.3824]
["2017-01-23","SUMINISTROS ( 6 )","LLM","JABON LIQ.P/MANOS",244,"UND",204.82113000000001,49976.35572]
["2018-05-11","SUMINISTROS ( 6 )","LR","LIBRO RECORD",9,"UND",204.99997999999999,{"$f":"+G255*E255","v":1844.99982}]
["2017-02-01","SUMINISTROS ( 6 )","LRP","LIBRETA RAYADA PEQUEÑA",29,"UND",15.989000000000001,463.68100000000004]
["2018-05-11","SUMINISTROS ( 6 )","MPP.","MARCADOR P/PIZ.AZUL",25,"UND",39.709310000000002,992.73275000000001]
["2018-05-11","SUMINISTROS ( 6 )","P.TP/M","PAPEL TOALLA P/MANO",283,"UND",132.31908999999999,37446.302469999995]
["2017-01-26","SUMINISTROS ( 6 )","PAPEL J.","PAPEL JUMBO",241,"UND",64.85172,15629.264520000001]
["2019-02-26","SUMINISTROS ( 6 )","PC4C","PAPEL CONT. 9 1/2 X 11 4C.",11,"CAJA",1581.92085,17401.129349999999]
["2018-03-23","SUMINISTROS ( 6 )","PLATOS N9","PLATOS DES. N9",23,"PAQUET",73.443200000000004,1689.1936000000001]
["2017-01-26","SUMINISTROS ( 6 )","PP/B","PASTILLA PERF. P/B",70,"UND",40.410139999999998,2828.7098000000001]
["2019-02-26","SUMINISTROS ( 6 )","ROLL","ROLLO PAPEL 2-1/4 SUMADORA",28,"UND",19.396429999999999,543.10003999999992]
["2019-02-26","SUMINISTROS ( 6 )","RPS11X17","RESMA PAPALE SATINADA 11X17",10,"RESMA",900.00016000000005,9000.0015999999996]
["2019-02-26","SUMINISTROS ( 6 )","RTR","ROLON TINTA ROJA",1,"UND",84.75,84.75]
["2018-03-23","SUMINISTROS ( 6 )","SM10X15","SOBRE MANILA  10X15",823,"UNDS",4.99735,4112.8190500000001]
["2018-03-23","SUMINISTROS ( 6 )","SUM-ARC","ARCHIVO ACORDEON",4,"UND",476.72,1906.88]
["2019-02-26","SUMINISTROS ( 6 )","SUM-AZU","LAPICEROS AZUL",404,"UND",4.5,1818]
["2018-03-23","SUMINISTROS ( 6 )","SUM-CAF","CAFE",207,"LIBRA",228.06252000000001,47208.941640000005]
["2019-02-26","SUMINISTROS ( 6 )","SUM-CARP.GRAN.","CARPETA GRANDE 3 HOYOS",3,"UND",299.99990000000003,899.99970000000008]
["2017-02-01","SUMINISTROS ( 6 )","SUM-CART.HP-60 C.","CARTUCHO HP-60 COLOR",1,"UND",860.38856999999996,860.38856999999996]
["2006-12-31","SUMINISTROS ( 6 )","SUM-CCCH","COMPROBANTE DE CAJA CHICA",135,"UND",32.690730000000002,4413.2485500000003]
["2006-12-31","SUMINISTROS ( 6 )","SUM-CEPIPLAS","CEPILLO PARA INODORO",6,"UND",112.97320000000001,677.83920000000001]
["2017-01-26","SUMINISTROS ( 6 )","SUM-CH","CHINCHETAS",5,"UNIDAD",50,250]
["2017-01-26","SUMINISTROS ( 6 )","SUM-CLI","CLIP JUMBO",39,"UND",34.243600000000001,1335.5004000000001]
["2019-02-26","SUMINISTROS ( 6 )","SUM-CLIP #1"," CLIP #1",26,"CAJA",11.9534,310.78840000000002]
["2018-03-23","SUMINISTROS ( 6 )","SUM-CLIP MAR.","CLIP MARIPOSA",31,"CAJA",150,4650]
["2019-02-26","SUMINISTROS ( 6 )","SUM-CLO","CLORO",76,"GAL",102.88889,7819.5556400000005]
["2018-03-23","SUMINISTROS ( 6 )","SUM-CTE","CINTAS DE EMPAQUE",29,"UND",80.239999999999995,2326.96]
["2018-03-23","SUMINISTROS ( 6 )","SUM-DIS","DISPENSADOR DE CINTA",20,"UND",125.3986,2507.9720000000002]
["2018-03-23","SUMINISTROS ( 6 )","SUM-ETF","ETIQUETA PARA FOLDERS",4,"UND",89.3142,357.2568]
["2018-03-23","SUMINISTROS ( 6 )","SUM-FAR","FAROLA",5,"UND",88.5,442.5]
["2018-03-23","SUMINISTROS ( 6 )","SUM-FEL","FELPAS AZULES",1,"UND",22,22]
["2018-03-23","SUMINISTROS ( 6 )","SUM-FELN","FELPAS NEGRAS",13,"UND",28.4087,369.31310000000002]
["2017-01-26","SUMINISTROS ( 6 )","SUM-FGD","FOLDER C/ BOLSILLO",64,"UND",12.012449999999999,768.79679999999996]
["2017-01-26","SUMINISTROS ( 6 )","SUM-FINANC","FOLDERS FINANCIERO",123,"UND",44.730730000000001,5501.87979]
["2017-01-26","SUMINISTROS ( 6 )","SUM-FOL11","FOLDER 8 1/2 X11",1452,"UND",3.7813500000000002,5490.5201999999999]
["2017-01-26","SUMINISTROS ( 6 )","SUM-FOL14","FOLDER 8 1/2 14",796,"UND",4.0596800000000002,3231.5052800000003]
["2017-01-26","SUMINISTROS ( 6 )","SUM-FUN17","FUNDAS17/22",48,"PAQUET",112.44073,5397.1550399999996]
["2017-01-26","SUMINISTROS ( 6 )","SUM-GMH","GANCHOS M/H",12,"UNIDAD",68.877290000000002,826.52747999999997]
["2017-01-26","SUMINISTROS ( 6 )","SUM-GOM","GOMITAS",49,"CAJA",23.134679999999999,1133.59932]
["2017-01-26","SUMINISTROS ( 6 )","SUM-HHB.","HOJA DE HILO BLANCA",3,"RESMA",612.32952999999998,1836.9885899999999]
["2017-01-26","SUMINISTROS ( 6 )","SUM-JB. AZ.","JABON AZULITO",48,"UND",35.444850000000002,1701.3528000000001]
["2017-01-26","SUMINISTROS ( 6 )","SUM-LAP.N.","LAPICERO NEGRO ",280,"UND",10.17084,2847.8352]
["2017-01-26","SUMINISTROS ( 6 )","SUM-LAPIRO","LAPICERO ROJO",27,"UND",5.1464499999999997,138.95415]
["2017-01-26","SUMINISTROS ( 6 )","SUM-LBRY","LIBRETAS RAYADAS X11",74,"UND",36.193359999999998,2678.3086399999997]
["2017-01-26","SUMINISTROS ( 6 )","SUM-LCAR","LAPIZ",588,"UND",7.0270299999999999,4131.8936400000002]
["2017-01-26","SUMINISTROS ( 6 )","SUM-MAR","MARCADORES",19,"UND",16.106999999999999,306.03300000000002]
["2017-01-26","SUMINISTROS ( 6 )","SUM-PER","PERFORADORA",10,"UND",214.99600000000001,2149.96]
["2017-01-26","SUMINISTROS ( 6 )","SUM-PLA","PORTA LAPIZ",11,"UND",52.9938,582.93179999999995]
["2019-02-15","SUMINISTROS ( 6 )","SUM-PNOT","PAPEL NOTARIAL",4,"RESMA",293.77280000000002,1175.0912000000001]
["2019-02-15","SUMINISTROS ( 6 )","SUM-POC","PORTA CLIP",16,"UND",30.55893,488.94288]
["2017-01-26","SUMINISTROS ( 6 )","SUM-RECBA","RECOGEDOR DE BASURA",11,"UND",115.97432999999999,1275.7176299999999]
["2019-02-15","SUMINISTROS ( 6 )","SUM-RESALT","RESALTADOR",21,"UND",16.106999999999999,338.24699999999996]
["2019-02-15","SUMINISTROS ( 6 )","SUM-RG","REGLA",29,"UND",6.4428000000000001,186.84120000000001]
["2019-02-15","SUMINISTROS ( 6 )","SUM-RPT","RESMA PAPEL TIMBRADO",2,"RESMA",2137.4857099999999,4274.9714199999999]
["2019-02-15","SUMINISTROS ( 6 )","SUM-RPX14","RESMA DE PAPEL 81/2X14",35,"RESMA",304.13094999999998,10644.58325]
["2019-02-15","SUMINISTROS ( 6 )","SUM-SAP","SACA PUNTA",32,"UND",5.9,188.8]
["2019-02-15","SUMINISTROS ( 6 )","SUM-SER","SERVILLETAS",55,"PAQUET",78.699789999999993,4328.4884499999998]
["2019-02-15","SUMINISTROS ( 6 )","SUM-SGRP","SACA GRAPAS",15,"UND",29.559000000000001,443.38499999999999]
["2019-02-15","SUMINISTROS ( 6 )","SUM-SM","SOBRES MANILA 9X12",225,"UND",2.36,531]
["2019-02-15","SUMINISTROS ( 6 )","SUM-SO","SOBRES BLANCOS",903,"UND",1.5541199999999999,1403.3703599999999]
["2019-02-15","SUMINISTROS ( 6 )","SUM-STIM","SOBRES TIMBRADOS",760,"UND",10.2424,7784.2240000000002]
["2019-02-15","SUMINISTROS ( 6 )","SUM-SUAP","SUAPER",10,"UND",166.99668,1669.9667999999999]
["2019-02-15","SUMINISTROS ( 6 )","SUM-TAL.ORD. DESP.","TALONARIO ORDEN DE DESPACHO.",229,"UND",200.59612000000001,45936.511480000001]
["2019-02-15","SUMINISTROS ( 6 )","SUM-TALEM","TALONARIO ENT. DE MATERIALES",216,"UND",57.3232,12381.8112]
["2019-02-15","SUMINISTROS ( 6 )","SUM-TBLL","TABLILLAS",20,"UND",85.337599999999995,1706.752]
["2019-02-15","SUMINISTROS ( 6 )","SUM-TCR","TALONARIO CONTROL DE RECEPCION",76,"UND",53.398060000000001,4058.2525599999999]
["2019-02-15","SUMINISTROS ( 6 )","SUM-TCS","TALONARIO CONTROL DE SEMILLAS",54,"UND",72.55753,{"$f":"+G319*E319","v":3918.10662}]
["2022-05-31","SUMINISTROS ( 6 )","SUM-TIJ","TIJERAS #8",39,"UNIDAD",34.998800000000003,1364.9532000000002]
["2022-05-31","SUMINISTROS ( 6 )","SUM-TLCAGR","TALONARIO CONTROL AGROQUIMICO",78,"UND",218.81944999999999,17067.917099999999]
["2022-05-31","SUMINISTROS ( 6 )","SUM-TRP","TALONARIO RECIBO PROVISIONAL",43,"UND",133.95359999999999,5760.0047999999997]
["2022-05-31","SUMINISTROS ( 6 )","SUM-VAS","VASOS #10",150,"PAQUET",92.614270000000005,13892.140500000001]
["2022-05-31","SUMINISTROS ( 6 )","T,MAG.","TINTA BT 5001 MAGENTA",10,"UND",363.44,3634.4]
["2022-05-31","SUMINISTROS ( 6 )","T.5001","TINTA BT 5001 CYAN",10,"UND",363.44,3634.4]
["2022-05-31","SUMINISTROS ( 6 )","T.BT.","TINTA BT D60BK",13,"UND",410.27692000000002,5333.5999600000005]
["2022-05-31","SUMINISTROS ( 6 )","T.Y,","TINTA BT 5001 YELLOW",10,"UND",363.44,3634.4]
["2022-05-31","SUMINISTROS ( 6 )","TA","TINTA AZUL P/S",7,"POTE",29.332850000000001,205.32995]
["2022-05-31","SUMINISTROS ( 6 )","TALON.PERS.NOM.","TALONARIO PERSONAL NOMINAL",3,"UND",95,285]
["2022-05-31","SUMINISTROS ( 6 )","TALONARIO SOL. C.C.","TALONARIO SOLICITUD CAJA CHICA",53,"UND",32.690759999999997,1732.6102799999999]
["2022-05-31","SUMINISTROS ( 6 )","TB,","TINTA 664 BLACK",6,"UND",330.4,1982.3999999999999]
["2022-05-31","SUMINISTROS ( 6 )","TB,.","TINTA 664 Y.",7,"UND",436.6,3056.2000000000003]
["2022-05-31","SUMINISTROS ( 6 )","TB.","TINTA 664 CYAN",7,"UND",448.4,3138.7999999999997]
["2022-05-31","SUMINISTROS ( 6 )","TB664","TINTA 664 MAG.",7,"UND",434.24,3039.6800000000003]
["2022-05-31","SUMINISTROS ( 6 )","TCVP","TALON.CONTROL VISITAS A PROD.",46,"UND",55,2530]
["2022-05-31","SUMINISTROS ( 6 )","TE504C","TINTA  504 CYAN",10,"UND",516.27317000000005,5162.7317000000003]
["2022-05-31","SUMINISTROS ( 6 )","TE504M","TINTA  504 M.",7,"UND",463.73752999999999,3246.1627100000001]
["2022-05-31","SUMINISTROS ( 6 )","TE504Y","TINTA  504 Y.",7,"UND",561.38959999999997,3929.7271999999998]
["2022-05-31","SUMINISTROS ( 6 )","TEL200C","TINTA EPSON L200 CYAN",4,"UND",615.00419999999997,2460.0167999999999]
["2022-05-31","SUMINISTROS ( 6 )","TEL200M","TINTA EPSON L200 MAG.",5,"UND",615.00419999999997,3075.0209999999997]
["2022-05-31","SUMINISTROS ( 6 )","TEL200Y","TINTA EPSON L200 YELLOW",3,"UND",615.00419999999997,1845.0126]
["2022-05-31","SUMINISTROS ( 6 )","TODC.","TALONARIO ORDEN DESP. COMB.",126,"UND",74.2,9349.2000000000007]
["2022-05-31","SUMINISTROS ( 6 )","TP/C","TOALLA P/COCINA",15,"UND",116.0217,1740.3254999999999]
["2022-05-31","SUMINISTROS ( 6 )","TRCA","TINTA RIAL C. AZUL",1,"UND",300.00319999999999,300.00319999999999]
["2022-05-31","SUMINISTROS ( 6 )","TRCA,","TINTA RIAL C. AMARILLA",1,"UND",300.00319999999999,300.00319999999999]
["2022-05-31","SUMINISTROS ( 6 )","TRCR","TINTA RIAL C. ROJO",2,"UND",300.00319999999999,600.00639999999999]
["2022-05-31","SUMINISTROS ( 6 )","VASOS #7","VASOS #7",120,"PAQUET",70.568089999999998,8468.1707999999999]
["2022-05-31","SUMINISTROS ( 6 )","VN5","VASOS N. 5",167,"PAQUET",67.248199999999997,11230.4494]
["TOTAL",null,null,null,null,null,null,{"$f":"SUM(H190:H348)","v":920799.23192000005}]
[]
[]
[]
[]
[]
[]
[]
[]
[]
[]
[]
[]
[]
[]
[]
[]
[]
[]
[]
[]
[]
["INSTITUTO DEL TABACO DE LA REPÚBLICA DOMINICANA"]
["INVENTARIO SUMINISTRO"]
["MES DE SEPTIEMBRE 2022"]
[]
["Fecha de adquisición y/o registro","Artículo","Código institucional","Descripción artículo","Existencia","Unidad","Costo","Valor"]
[]
[]
[]
[]
["2018-03-23","GENERAL ( 10 )","CART-BC1-3BK","CARTUCHO BC1-3BK",2,"UND",757.87199999999996,{"$f":"+G380*E380","v":1515.7439999999999}]
["2018-03-23","GENERAL ( 10 )","CARTUCH-HP-95","CARTUCHO HP-95 COLOR",4,"UND",1416,{"$f":"+G381*E381","v":5664}]
["2017-02-01","GENERAL ( 10 )","CINTA-001","CINTA ADHESIVA",81,"UNIDAD",59.158329999999999,4791.8247300000003]
["2018-03-23","GENERAL ( 10 )","MASKT-001","MASKING TAPE ",51,"UND",34.99,1784.49]
["2018-03-23","GENERAL ( 10 )","PAPE-CON-9 1/2X5 1/2","PAPEL CONTINUO 9 1/2 X 5 1/2 P. FACT.",4,"UNIDAD",601.69399999999996,2406.7759999999998]
["2018-03-23","GENERAL ( 10 )","PERFO-001","PERFORADORA DE 3 HOYOS",1,"UND",350,350]
["2017-02-01","OTROS ( 5 )","AMBIEN 2","AMBIENTADOR 2",7,"UND",96.338890000000006,674.37223000000006]
["2017-02-06","OTROS ( 5 )","BRILLO .V.","BRILLO VERDE",9,"UND",59.884999999999998,538.96500000000003]
["2018-03-23","OTROS ( 5 )","C.D.C","CINTA DOBLE CARA ",16,"UND",40,640]
["2019-02-26","OTROS ( 5 )","CD,.","CUBIERTOS DES.",3,"PAQUET",26.573599999999999,79.720799999999997]
["2018-03-23","OTROS ( 5 )","CREM","CREMORA",24,"UND",295,7080]
["2018-03-23","OTROS ( 5 )","GRAPAS 3","GRAPAS 3/4",7,"CAJA",211.864,1483.048]
["2018-03-23","OTROS ( 5 )","LAN","LANILLA P/LIMPIAR",67,"UND",114.14399,7647.6473299999998]
["2017-01-31","OTROS ( 5 )","LI.C.","LIMPIADOR CRISTAL ",23,"POTE",111.29347,2559.7498099999998]
["2018-02-21","OTROS ( 5 )","LT,","LIBRETA TIMBRADA",76,"UND",197.65,15021.4]
["2019-02-26","OTROS ( 5 )","PA.C.A","PAPEL CARBON ",18,"UND",142.78,2570.04]
["2019-02-26","OTROS ( 5 )","PDN6","PLATOS DESECH. N6",34,"PAQUET",38.6096,1312.7264]
["2017-02-23","OTROS ( 5 )","T.L210C","TINTA L210 CYAN",6,"UND",450.15557999999999,2700.9334799999997]
["2017-03-31","OTROS ( 5 )","T.S.2031","TONER SHARP 2031 C/CHIP",6,"UND",4669.4940299999998,28016.964179999999]
["2019-02-26","OTROS ( 5 )","TS.M.","TALON. SOLICITUD MATERIALES",120,"UND",152.06618,18247.941600000002]
["2017-04-24","SUMINISTROS ( 6 )","12","RESMA DE PAPEL8 1/2 X11",88,"RESMA",303.27667000000002,26688.346960000003]
["2017-02-07","SUMINISTROS ( 6 )","3X3","POST-IT3X3 WORKER",33,"UND",22.178550000000001,731.89215000000002]
["2018-03-23","SUMINISTROS ( 6 )","AZ.","AZUCAR",3,"SACOS",4060,12180]
["2018-03-23","SUMINISTROS ( 6 )","BO","BORRADOR",11,"UND",3.7406000000000001,41.146599999999999]
["2017-04-24","SUMINISTROS ( 6 )","BP/E","BANDEJA P/ ESCRITORIO",4,"UND",639.99659999999994,2559.9863999999998]
["2019-02-15","SUMINISTROS ( 6 )","C.2","CLIP BILLETERO 51MM",37,"CAJA",171.01061999999999,6327.3929399999997]
["2019-02-15","SUMINISTROS ( 6 )","C.B 125MM","CLIP BILLETERO 125MM",41,"CAJA",33.924999999999997,1390.925]
["2019-02-15","SUMINISTROS ( 6 )","C.BILL.","CLIP BILLETERO 32MM",45,"CAJA",48.8992,2200.4639999999999]
["2019-02-15","SUMINISTROS ( 6 )","C12X45","CINTA 12MM X45MM",12,"UND",20.059999999999999,240.71999999999997]
["2019-02-15","SUMINISTROS ( 6 )","CART. HP-94","CARTUCHO HP-98 (NUEVO)",4,"UND",923.78904999999997,3695.1561999999999]
["2019-02-15","SUMINISTROS ( 6 )","CARTUCHO HP-93","CARTUCHO HP-93 COLOR",3,"UND",1019.277,3057.8310000000001]
["2019-02-15","SUMINISTROS ( 6 )","CB 1.5","CLIP BILLETERO 41MM",1,"CAJA",134.03399999999999,134.03399999999999]
["2006-12-31","SUMINISTROS ( 6 )","CCB435","CARTUCHO LASER 235",1,"UND",708,708]
["2019-02-15","SUMINISTROS ( 6 )","CCE278","CARTUCHO LASER 278",3,"UND",708,2124]
["2019-02-15","SUMINISTROS ( 6 )","CCE285","CARTUCHO LASER 285",1,"UND",708,708]
["2017-02-01","SUMINISTROS ( 6 )","CCF401","CARTUCHO LT HP-CF401A",3,"UND",2842.502,8527.5059999999994]
["2017-02-01","SUMINISTROS ( 6 )","CCF402","CARTUCHO LT HP-CF402A",3,"UND",2842.502,8527.5059999999994]
["2017-02-07","SUMINISTROS ( 6 )","CCF403","CARTUCHO LT HP-CF403A",3,"UND",2872.002,8616.0059999999994]
["2017-02-06","SUMINISTROS ( 6 )","CEPILLO P.","CEPILLO PARED",3,"UND",65.997399999999999,197.9922]
["2017-02-01","SUMINISTROS ( 6 )","CHP96","CARTUCHO HP-96",14,"UND",2228.8220000000001,31203.508000000002]
["2017-02-01","SUMINISTROS ( 6 )","CHP97","CARTUCHO HP-97",10,"UND",2118.6314699999998,21186.314699999999]
["2019-02-26","SUMINISTROS ( 6 )","CINTA OKIDATA -320","CINTA OKIDATA -320",1,"UND",440,440]
["2017-02-01","SUMINISTROS ( 6 )","CINTA P/ CALCULADORA","CINTA P/ CALCULADORA ELEC.",5,"UND",56.002800000000001,280.01400000000001]
["2018-02-21","SUMINISTROS ( 6 )","CP/C.","CERA PARA CONTAR",2,"UND",35.99,71.98]
["2018-02-21","SUMINISTROS ( 6 )","CPPD","CARPETAS PRINTEADAS P/DOC.",120,"UND",442.5,53100]
["2018-02-21","SUMINISTROS ( 6 )","CUC. DES.","CUCHARAS DES.",2,"PAQUET",26.573599999999999,53.147199999999998]
["2017-02-07","SUMINISTROS ( 6 )","D","DETERGENTE",20,"UND",925.80371000000002,18516.074199999999]
["2017-02-01","SUMINISTROS ( 6 )","DES.","DESINFECTANTE",16,"GAL",112.10944000000001,1793.7510400000001]
["2018-02-21","SUMINISTROS ( 6 )","EG.","EGA",1,"GAL",335.33240000000001,335.33240000000001]
["2017-01-31","SUMINISTROS ( 6 )","ESC.","ESCOBA",17,"UND",154.816,2631.8719999999998]
["2018-03-20","SUMINISTROS ( 6 )","F.M.E.","FORMULARIO EQUIPOS Y/O MOV.",107,"UND",135.85946000000001,14536.962220000001]
["2019-02-26","SUMINISTROS ( 6 )","F30G","FUNDAS 30GLS.",71,"PAQUET",283.2,20107.2]
["2019-02-26","SUMINISTROS ( 6 )","FOR. ENT.INS. IMP.AG","FORMULARIO ENT. INSUM .IMPL. AGRICOLA ",19,"UND",75,1425]
["2019-02-26","SUMINISTROS ( 6 )","FORMULARIO V. Y M.","FORMULARIO DE VISITAS Y MENSAJES",22,"UND",35,770]
["2019-02-26","SUMINISTROS ( 6 )","FUND. 55","FUNDAS 55 P/B.",49,"PAQUET",580.23114999999996,28431.326349999999]
["2017-01-26","SUMINISTROS ( 6 )","GG.","GUANTES GOMAS",31,"PAR",80.590310000000002,2498.29961]
["2017-02-01","SUMINISTROS ( 6 )","GR26/6","GRAPAS 26/6",29,"CAJA",43.015659999999997,1247.4541399999998]
["2017-01-31","SUMINISTROS ( 6 )","GRAP.","GRAPADORA",4,"UND",134.99978999999999,539.99915999999996]
["2017-09-26","SUMINISTROS ( 6 )","GRAPAS 1/4","GRPAS 1/4",3,"UNIDAD",108.8,326.39999999999998]
["2018-03-26","SUMINISTROS ( 6 )","GRAPAS 3/8","GRAPAS 3/8",2,"UNIDAD",254.28570999999999,508.57141999999999]
["2017-02-01","SUMINISTROS ( 6 )","GRAP-STAPLES","GRAPAS STAPLES HEAVY DUTY",3,"UNIDAD",450,1350]
["2019-02-26","SUMINISTROS ( 6 )","GS23/10","GRAPAS STAPLES 23/10",6,"CAJA",54.9998,329.99880000000002]
["2017-05-08","SUMINISTROS ( 6 )","LIQUI-001","CORRECTOR LIQUIDO",43,"UND",22.9038,984.86340000000007]
["2018-02-21","SUMINISTROS ( 6 )","LLM","JABON LIQ.P/MANOS",226,"UND",204.82113000000001,46289.575380000002]
["2017-01-23","SUMINISTROS ( 6 )","LR","LIBRO RECORD",8,"UND",204.99997999999999,1639.9998399999999]
["2018-05-11","SUMINISTROS ( 6 )","LRP","LIBRETA RAYADA PEQUEÑA",18,"UND",15.989000000000001,{"$f":"+G445*E445","v":287.80200000000002}]
["2017-02-01","SUMINISTROS ( 6 )","MPP.","MARCADOR P/PIZ.AZUL",25,"UND",39.709310000000002,992.73275000000001]
["2018-05-11","SUMINISTROS ( 6 )","P.TP/M","PAPEL TOALLA P/MANO",213,"UND",132.31908999999999,28183.966169999996]
["2018-05-11","SUMINISTROS ( 6 )","PAPEL J.","PAPEL JUMBO",60,"UND",64.85172,3891.1032]
["2017-01-26","SUMINISTROS ( 6 )","PC4C","PAPEL CONT. 9 1/2 X 11 4C.",9,"CAJA",1581.92085,14237.28765]
["2019-02-26","SUMINISTROS ( 6 )","PLATOS N9","PLATOS DES. N9",9,"PAQUET",73.443200000000004,660.98880000000008]
["2018-03-23","SUMINISTROS ( 6 )","PP/B","PASTILLA PERF. P/B",64,"UND",40.410139999999998,2586.2489599999999]
["2017-01-26","SUMINISTROS ( 6 )","ROLL","ROLLO PAPEL 2-1/4 SUMADORA",28,"UND",19.396429999999999,543.10003999999992]
["2019-02-26","SUMINISTROS ( 6 )","RPS11X17","RESMA PAPALE SATINADA 11X17",10,"RESMA",900.00016000000005,9000.0015999999996]
["2019-02-26","SUMINISTROS ( 6 )","RTR","ROLON TINTA ROJA",1,"UND",84.75,84.75]
["2019-02-26","SUMINISTROS ( 6 )","SM10X15","SOBRE MANILA  10X15",796,"UNDS",4.99735,3977.8906000000002]
["2018-03-23","SUMINISTROS ( 6 )","SUM-ARC","ARCHIVO ACORDEON",4,"UND",476.72,1906.88]
["2018-03-23","SUMINISTROS ( 6 )","SUM-AZU","LAPICEROS AZUL",273,"UND",4.5,1228.5]
["2019-02-26","SUMINISTROS ( 6 )","SUM-CAF","CAFE",107,"LIBRA",228.06252000000001,24402.689640000001]
["2018-03-23","SUMINISTROS ( 6 )","SUM-CARP.GRAN.","CARPETA GRANDE 3 HOYOS",3,"UND",299.99990000000003,899.99970000000008]
["2019-02-26","SUMINISTROS ( 6 )","SUM-CART.HP-60 C.","CARTUCHO HP-60 COLOR",1,"UND",860.38856999999996,860.38856999999996]
["2017-02-01","SUMINISTROS ( 6 )","SUM-CCCH","COMPROBANTE DE CAJA CHICA",135,"UND",32.690730000000002,4413.2485500000003]
["2006-12-31","SUMINISTROS ( 6 )","SUM-CEPIPLAS","CEPILLO PARA INODORO",6,"UND",112.97320000000001,677.83920000000001]
["2006-12-31","SUMINISTROS ( 6 )","SUM-CH","CHINCHETAS",5,"UNIDAD",50,250]
["2017-01-26","SUMINISTROS ( 6 )","SUM-CLI","CLIP JUMBO",37,"UND",34.243600000000001,1267.0132000000001]
["2017-01-26","SUMINISTROS ( 6 )","SUM-CLIP #1"," CLIP #1",22,"CAJA",11.9534,262.97480000000002]
["2019-02-26","SUMINISTROS ( 6 )","SUM-CLIP MAR.","CLIP MARIPOSA",31,"CAJA",150,4650]
["2018-03-23","SUMINISTROS ( 6 )","SUM-CLO","CLORO",60,"GAL",102.88889,6173.3334000000004]
["2019-02-26","SUMINISTROS ( 6 )","SUM-CTE","CINTAS DE EMPAQUE",26,"UND",80.239999999999995,2086.2399999999998]
["2018-03-23","SUMINISTROS ( 6 )","SUM-DIS","DISPENSADOR DE CINTA",19,"UND",125.3986,2382.5734000000002]
["2018-03-23","SUMINISTROS ( 6 )","SUM-ETF","ETIQUETA PARA FOLDERS",4,"UND",89.3142,357.2568]
["2018-03-23","SUMINISTROS ( 6 )","SUM-FAR","FAROLA",5,"UND",88.5,442.5]
["2018-03-23","SUMINISTROS ( 6 )","SUM-FEL","FELPAS AZULES",1,"UND",22,22]
["2018-03-23","SUMINISTROS ( 6 )","SUM-FELN","FELPAS NEGRAS",13,"UND",28.4087,369.31310000000002]
["2018-03-23","SUMINISTROS ( 6 )","SUM-FGD","FOLDER C/ BOLSILLO",64,"UND",12.012449999999999,768.79679999999996]
["2017-01-26","SUMINISTROS ( 6 )","SUM-FINANC","FOLDERS FINANCIERO",123,"UND",44.730730000000001,5501.87979]
["2017-01-26","SUMINISTROS ( 6 )","SUM-FOL11","FOLDER 8 1/2 X11",1016,"UND",3.7813500000000002,3841.8516000000004]
["2017-01-26","SUMINISTROS ( 6 )","SUM-FOL14","FOLDER 8 1/2 14",755,"UND",4.0596800000000002,3065.0584000000003]
["2017-01-26","SUMINISTROS ( 6 )","SUM-FUN17","FUNDAS17/22",39,"PAQUET",112.44073,4385.1884700000001]
["2017-01-26","SUMINISTROS ( 6 )","SUM-GMH","GANCHOS M/H",9,"UNIDAD",68.877290000000002,619.89561000000003]
["2017-01-26","SUMINISTROS ( 6 )","SUM-GOM","GOMITAS",47,"CAJA",23.134679999999999,1087.32996]
["2017-01-26","SUMINISTROS ( 6 )","SUM-HHB.","HOJA DE HILO BLANCA",3,"RESMA",612.32952999999998,1836.9885899999999]
["2017-01-26","SUMINISTROS ( 6 )","SUM-JB. AZ.","JABON AZULITO",28,"UND",35.444850000000002,992.45580000000007]
["2017-01-26","SUMINISTROS ( 6 )","SUM-LAP.N.","LAPICERO NEGRO ",253,"UND",10.17084,2573.2225199999998]
["2017-01-26","SUMINISTROS ( 6 )","SUM-LAPIRO","LAPICERO ROJO",19,"UND",5.1464499999999997,97.782550000000001]
["2017-01-26","SUMINISTROS ( 6 )","SUM-LBRY","LIBRETAS RAYADAS X11",62,"UND",36.193359999999998,2243.9883199999999]
["2017-01-26","SUMINISTROS ( 6 )","SUM-LCAR","LAPIZ",515,"UND",7.0270299999999999,3618.9204500000001]
["2017-01-26","SUMINISTROS ( 6 )","SUM-MAR","MARCADORES",3,"UND",16.106999999999999,48.320999999999998]
["2017-01-26","SUMINISTROS ( 6 )","SUM-PER","PERFORADORA",9,"UND",214.99600000000001,1934.9640000000002]
["2017-01-26","SUMINISTROS ( 6 )","SUM-PLA","PORTA LAPIZ",10,"UND",52.9938,529.93799999999999]
["2017-01-26","SUMINISTROS ( 6 )","SUM-PNOT","PAPEL NOTARIAL",4,"RESMA",293.77280000000002,1175.0912000000001]
["2019-02-15","SUMINISTROS ( 6 )","SUM-POC","PORTA CLIP",15,"UND",30.55893,458.38395000000003]
["2019-02-15","SUMINISTROS ( 6 )","SUM-RECBA","RECOGEDOR DE BASURA",11,"UND",115.97432999999999,1275.7176299999999]
["2017-01-26","SUMINISTROS ( 6 )","SUM-RESALT","RESALTADOR",6,"UND",16.106999999999999,96.641999999999996]
["2019-02-15","SUMINISTROS ( 6 )","SUM-RG","REGLA",26,"UND",6.4428000000000001,167.5128]
["2019-02-15","SUMINISTROS ( 6 )","SUM-RPT","RESMA PAPEL TIMBRADO",2,"RESMA",2137.4857099999999,4274.9714199999999]
["2019-02-15","SUMINISTROS ( 6 )","SUM-RPX14","RESMA DE PAPEL 81/2X14",35,"RESMA",304.13094999999998,10644.58325]
["2019-02-15","SUMINISTROS ( 6 )","SUM-SAP","SACA PUNTA",29,"UND",5.9,171.10000000000002]
["2019-02-15","SUMINISTROS ( 6 )","SUM-SER","SERVILLETAS",39,"PAQUET",78.699789999999993,3069.2918099999997]
["2019-02-15","SUMINISTROS ( 6 )","SUM-SGRP","SACA GRAPAS",14,"UND",29.559000000000001,413.82600000000002]
["2019-02-15","SUMINISTROS ( 6 )","SUM-SM","SOBRES MANILA 9X12",170,"UND",2.36,401.2]
["2019-02-15","SUMINISTROS ( 6 )","SUM-SO","SOBRES BLANCOS",794,"UND",1.5541199999999999,1233.97128]
["2019-02-15","SUMINISTROS ( 6 )","SUM-STIM","SOBRES TIMBRADOS",710,"UND",10.2424,7272.1040000000003]
["2019-02-15","SUMINISTROS ( 6 )","SUM-SUAP","SUAPER",10,"UND",166.99668,1669.9667999999999]
["2019-02-15","SUMINISTROS ( 6 )","SUM-TAL.ORD. DESP.","TALONARIO ORDEN DE DESPACHO.",226,"UND",200.59612000000001,45334.723120000002]
["2019-02-15","SUMINISTROS ( 6 )","SUM-TALEM","TALONARIO ENT. DE MATERIALES",213,"UND",57.3232,12209.8416]
["2019-02-15","SUMINISTROS ( 6 )","SUM-TBLL","TABLILLAS",17,"UND",85.337599999999995,1450.7392]
["2019-02-15","SUMINISTROS ( 6 )","SUM-TCR","TALONARIO CONTROL DE RECEPCION",76,"UND",53.398060000000001,4058.2525599999999]
["2019-02-15","SUMINISTROS ( 6 )","SUM-TCS","TALONARIO CONTROL DE SEMILLAS",54,"UND",72.55753,3918.10662]
["2019-02-15","SUMINISTROS ( 6 )","SUM-TIJ","TIJERAS #8",33,"UNIDAD",34.998800000000003,{"$f":"+G509*E509","v":1154.9604000000002}]
["2022-05-31","SUMINISTROS ( 6 )","SUM-TLCAGR","TALONARIO CONTROL AGROQUIMICO",78,"UND",218.81944999999999,17067.917099999999]
["2022-05-31","SUMINISTROS ( 6 )","SUM-TRP","TALONARIO RECIBO PROVISIONAL",43,"UND",133.95359999999999,5760.0047999999997]
["2022-05-31","SUMINISTROS ( 6 )","SUM-VAS","VASOS #10",150,"PAQUET",92.614270000000005,13892.140500000001]
["2022-05-31","SUMINISTROS ( 6 )","T,MAG.","TINTA BT 5001 MAGENTA",10,"UND",363.44,3634.4]
["2022-05-31","SUMINISTROS ( 6 )","T.5001","TINTA BT 5001 CYAN",10,"UND",363.44,3634.4]
["2022-05-31","SUMINISTROS ( 6 )","T.BT.","TINTA BT D60BK",13,"UND",410.27692000000002,5333.5999600000005]
["2022-05-31","SUMINISTROS ( 6 )","T.Y,","TINTA BT 5001 YELLOW",10,"UND",363.44,3634.4]
["2022-05-31","SUMINISTROS ( 6 )","TA","TINTA AZUL P/S",5,"POTE",29.332850000000001,146.66425000000001]
["2022-05-31","SUMINISTROS ( 6 )","TALON.PERS.NOM.","TALONARIO PERSONAL NOMINAL",3,"UND",95,285]
["2022-05-31","SUMINISTROS ( 6 )","TALONARIO SOL. C.C.","TALONARIO SOLICITUD CAJA CHICA",53,"UND",32.690759999999997,1732.6102799999999]
["2022-05-31","SUMINISTROS ( 6 )","TB,","TINTA 664 BLACK",3,"UND",330.4,991.19999999999993]
["2022-05-31","SUMINISTROS ( 6 )","TB,.","TINTA 664 Y.",7,"UND",436.6,3056.2000000000003]
["2022-05-31","SUMINISTROS ( 6 )","TB.","TINTA 664 CYAN",7,"UND",448.4,3138.7999999999997]
["2022-05-31","SUMINISTROS ( 6 )","TB664","TINTA 664 MAG.",7,"UND",434.24,3039.6800000000003]
["2022-05-31","SUMINISTROS ( 6 )","TCVP","TALON.CONTROL VISITAS A PROD.",46,"UND",55,2530]
["2022-05-31","SUMINISTROS ( 6 )","TE504C","TINTA  504 CYAN",9,"UND",516.27317000000005,4646.4585300000008]
["2022-05-31","SUMINISTROS ( 6 )","TE504M","TINTA  504 M.",6,"UND",463.73752999999999,2782.4251800000002]
["2022-05-31","SUMINISTROS ( 6 )","TE504Y","TINTA  504 Y.",6,"UND",561.38959999999997,3368.3375999999998]
["2022-05-31","SUMINISTROS ( 6 )","TEL200C","TINTA EPSON L200 CYAN",4,"UND",615.00419999999997,2460.0167999999999]
["2022-05-31","SUMINISTROS ( 6 )","TEL200M","TINTA EPSON L200 MAG.",5,"UND",615.00419999999997,3075.0209999999997]
["2022-05-31","SUMINISTROS ( 6 )","TEL200Y","TINTA EPSON L200 YELLOW",3,"UND",615.00419999999997,1845.0126]
["2022-05-31","SUMINISTROS ( 6 )","TODC.","TALONARIO ORDEN DESP. COMB.",126,"UND",74.2,9349.2000000000007]
["2022-05-31","SUMINISTROS ( 6 )","TP/C","TOALLA P/COCINA",12,"UND",116.0217,1392.2603999999999]
["2022-05-31","SUMINISTROS ( 6 )","TRCA","TINTA RIAL C. AZUL",1,"UND",300.00319999999999,300.00319999999999]
["2022-05-31","SUMINISTROS ( 6 )","TRCA,","TINTA RIAL C. AMARILLA",1,"UND",300.00319999999999,300.00319999999999]
["2022-05-31","SUMINISTROS ( 6 )","TRCR","TINTA RIAL C. ROJO",2,"UND",300.00319999999999,600.00639999999999]
["2022-05-31","SUMINISTROS ( 6 )","VASOS #7","VASOS #7",58,"PAQUET",70.568089999999998,4092.94922]
["2022-05-31","SUMINISTROS ( 6 )","VN5","VASOS N. 5",147,"PAQUET",67.248199999999997,9885.4853999999996]
["TOTAL",null,null,null,null,null,null,{"$f":"SUM(H380:H537)","v":807011.27892000007}]